000 00341pam a2200145 a 4500
020 _c
041 _h
082 _a741.6
_bHAG
100 _aFall / Winter.
245 _aThe Plants of 1917 Vol.5
_bThe Plants of 1917 Vol.5
_hTextual Documents
250 _a1985.
260 _a[s.l]:
_bBelvedere
300 _a183:
_bpaper.
930 _a2851
999 _c236641
_d236641